30 jeux vidéo à compléter - 2022 - Statistiques

Statistiques générales
  • Ce quiz a été pris 53 fois
  • Le résultat moyen est 13 sur 30
Statistiques - réponses
Hint Réponse % Correct
God of War: ... Ragnarök
85%
... Ring Elden
83%
Légendes Pokémon : ... Arceus
72%
... 2 Overwatch
63%
... of the Lamb Cult
61%
... Simulator PowerWash
61%
Teenage Mutant Ninja Turtles: ...'s Revenge Shredder
59%
... et le monde oublié Kirby
54%
Pokémon ... Violet
54%
...: Forbidden West Horizon
52%
A Plague Tale: ... Requiem
52%
Return to ... Island Monkey
50%
The Stanley Parable: Ultra ... Deluxe
48%
Mario + The Lapins Crétins: ... of Hope Sparks
46%
Sonic ... Frontiers
43%
... Knights Gotham
43%
Vampire ... Survivors
41%
Hitman: ... of Assassination World
41%
Cuphead: The ... Last Course Delicious
39%
Marvel's ... Suns Midnight
39%
... Legacy 2 Rogue
35%
The Case of the ... Idol Golden
33%
... Tunic
33%
Metal: ... Hellsinger
30%
... Strategy Triangle
24%
Roller... Drome
22%
...kin Tiny
20%
Neon ... White
20%
Citizen ... Sleeper
15%
... World OlliOlli
13%
Aucun quiz correspondant
Distribution des résultats
% des personnes avec chaque résultat
Percentile par nombre de réponses
Votre historique - résultats
Vous n’avez pas pris ce quiz